Historia del siglo XX
Guardat en:
| Autor principal: | |
|---|---|
| Format: | Llibre |
| Idioma: | espanyol |
| Publicat: |
Buenos Aires, Argentina
Crítica
1998
|
| Col·lecció: | Biblioteca E. J. Hobsbawm de Historia Contemporánea
|
| Matèries: | |
| Etiquetes: |
Afegir etiqueta
Sense etiquetes, Sigues el primer a etiquetar aquest registre!
|
MARC
| LEADER | 00000nam a2200000 a 4500 | ||
|---|---|---|---|
| 001 | UCP1712 | ||
| 003 | CL-VaPUC | ||
| 005 | 20231002114542.0 | ||
| 008 | 990426e19980000AG |||||||||||||||||spa|d | ||
| 999 | |c 280367 |d 280365 | ||
| 040 | |c Pontificia Universidad Católica de Valparaíso | ||
| 082 | 0 | 4 | |a 909.82 HOB 1998 |2 21 |
| 100 | |a Hobsbawm, Eric J |e author |9 484887 | ||
| 245 | 1 | 0 | |a Historia del siglo XX |
| 260 | |a Buenos Aires, Argentina |b Crítica |c 1998 | ||
| 300 | |a 612 páginas | ||
| 490 | 0 | |a Biblioteca E. J. Hobsbawm de Historia Contemporánea | |
| 583 | |a last modification |c 19990426 00:00:00 |k Rodrigo Vera | ||
| 650 | 7 | |a Guerra mundial I, |2 CL-VaPUC |9 346688 |x Aspectos económicos |y 1914-1918 | |
| 650 | 0 | |a Guerra mundial II, |9 255713 |y 1939-1945 | |
| 650 | 0 | |a Historia moderna |9 870700 |y Siglo 20 | |
| 650 | 0 | |a Guerra Fría |9 319648 |x Aspectos políticos | |
| 650 | 0 | |a Socialismo |9 877507 |x Historia |z Europa | |
| 942 | |c BK |2 ddc | ||
| 945 | |d 19990426 00:00:00 |a rbrito | ||
| 952 | |0 0 |1 0 |2 ddc |4 0 |6 909_820000000000000_HOB_1998 |7 0 |8 R |9 320641 |a BIBHIS |b BIBHIS |d 2019-11-20 |i 3510921 |l 2 |o 909.82 HOB 1998 |p 3510921 |r 2024-06-10 |s 2024-06-07 |t 1 |w 2019-11-20 |y BK_R |k HIS | ||
| 952 | |0 0 |1 0 |2 ddc |4 0 |6 909_820000000000000_HOB_1998 |7 0 |8 R |9 320642 |a BIBHIS |b BIBHIS |d 2019-11-20 |i 3633187 |l 3 |o 909.82 HOB 1998 |p 3633187 |r 2024-05-15 |s 2024-05-13 |t 2 |w 2019-11-20 |y BK_R |k HIS | ||